[Event "Niedersachsen-ch op A"]
[Site "Verden"]
[Date "2019.01.04"]
[Round "3"]
[White "Oberschilp, Friedrich"]
[Black "Heyne, Jan Hendrik"]
[Result "1/2-1/2"]
[WhiteElo "1928"]
[BlackElo "1998"]
[PlyCount "36"]
[EventDate "2019.01.03"]
[EventType "swiss"]
[EventRounds "7"]
[EventCountry "GER"]
[SourceTitle "EXT 2022"]
[Source "ChessBase"]
[SourceDate "2021.10.06"]
[SourceVersion "1"]
[SourceVersionDate "2021.10.06"]
[SourceQuality "1"]

1. d4 d5 2. c4 e6 3. Nc3 c6 4. e4 dxe4 5. Nxe4 Nf6 6. Nxf6+ Qxf6 7. Nf3 Nd7 8. Bd3 h6 9. 0-0 Bd6 10. Re1 0-0 11. Qe2 Qd8 12. Qe4 Nf6 13. Qh4 Nh7 14. Qe4 f5 15. Qe2 c5 16. dxc5 Bxc5 17. Be3 Bxe3 18. Qxe3 Nf6 1/2-1/2